Personálny manažment, jeho vplyv na výsledky a riziko podnikateľskej činnosti

Manažment ako vedná disciplína. Definícia manažérskych schopností. Manažérske typy. Podnikateľské riziko a risk management. Činnosť risk managera. Riziko a náklady na podnikový kapitál. Nový typ manažéra - leader.

Salvato in:
Dettagli Bibliografici
Autore principale: Alexy, Július, 1926-2024
Altri autori: Sivák, Rudolf, 1955-
Natura: Capitolo di libro
Lingua:slovacco
Soggetti:
Tags: Aggiungi Tag
Nessun Tag, puoi essere il primo ad aggiungerne!!

MARC

LEADER 00000naa a2200000 4500
001 r028199
005 20240502071329.5
041 0 |a slo 
044 |a SK 
245 1 0 |a Personálny manažment, jeho vplyv na výsledky a riziko podnikateľskej činnosti  |c J. Alexy, Rudolf Sivák 
520 |a Manažment ako vedná disciplína. Definícia manažérskych schopností. Manažérske typy. Podnikateľské riziko a risk management. Činnosť risk managera. Riziko a náklady na podnikový kapitál. Nový typ manažéra - leader. 
610 2 0 |a manažment 
610 2 0 |a risk management 
610 2 0 |a riziko 
610 2 0 |a manažéri 
100 1 |a Alexy, Július, 1926-2024 
700 1 |a Sivák, Rudolf, 1955-